[Event "39. Vila de Benasque 2019"]
[Site "Benasque ESP"]
[Date "2019.07.04"]
[Round "1.1"]
[White "Piorun, Kacper"]
[Black "Nogues Fernandez, Ramon"]
[Result "1-0"]
[WhiteElo "2656"]
[BlackElo "1977"]
[PlyCount "45"]
[EventDate "2019.07.05"]
[EventType "swiss"]
[EventRounds "10"]
[EventCountry "ESP"]
[SourceTitle "Ajedrez en Madrid"]
[Source "lmi"]
[SourceDate "2019.07.05"]
[SourceVersion "1"]
[SourceVersionDate "2019.07.14"]
[SourceQuality "1"]

1. d4 Nf6 2. Bf4 g6 3. Nc3 d5 4. e3 Bg7 5. h4 c6 6. Nf3 Qa5 7. Qd2 b5 8. a3
Nbd7 9. Be2 Qb6 10. Ne5 Nxe5 11. Bxe5 Ne4 12. Nxe4 Bxe5 13. dxe5 dxe4 14. h5
Be6 15. Qb4 Bd5 16. e6 O-O-O 17. exf7 Bxf7 18. a4 a5 19. Qxe7 Bd5 20. axb5 cxb5
21. hxg6 Qxg6 22. Rxa5 Qxg2 23. Qc5+ 1-0

[Event "39. Vila de Benasque 2019"]
[Site "Benasque ESP"]
[Date "2019.07.04"]
[Round "1.2"]
[White "Saez Gabikagogeaskoa, Oscar"]
[Black "Hovhannisyan, Robert"]
[Result "0-1"]
[WhiteElo "1975"]
[BlackElo "2640"]
[PlyCount "34"]
[EventDate "2019.07.05"]
[EventType "swiss"]
[EventRounds "10"]
[EventCountry "ESP"]
[SourceTitle "Ajedrez en Madrid"]
[Source "lmi"]
[SourceDate "2019.07.05"]
[SourceVersion "1"]
[SourceVersionDate "2019.07.14"]
[SourceQuality "1"]

1. e4 c6 2. d4 d5 3. exd5 cxd5 4. c4 Nf6 5. Nc3 Nc6 6. Nf3 a6 7. cxd5 Nxd5 8.
h3 Bf5 9. a3 e6 10. g4 Bg6 11. Ne5 Nxc3 12. bxc3 Nxe5 13. dxe5 Qa5 14. Bg2
Qxc3+ 15. Bd2 Qxe5+ 16. Be3 Bc5 17. Rc1 Bxe3 0-1

[Event "39. Vila de Benasque 2019"]
[Site "Benasque ESP"]
[Date "2019.07.04"]
[Round "1.4"]
[White "Garcia Escoda, Marc"]
[Black "Ter-Sahakyan, Samvel"]
[Result "0-1"]
[WhiteElo "1969"]
[BlackElo "2625"]
[PlyCount "80"]
[EventDate "2019.07.05"]
[EventType "swiss"]
[EventRounds "10"]
[EventCountry "ESP"]
[SourceTitle "Ajedrez en Madrid"]
[Source "lmi"]
[SourceDate "2019.07.05"]
[SourceVersion "1"]
[SourceVersionDate "2019.07.14"]
[SourceQuality "1"]

1. e4 e5 2. Nf3 Nc6 3. Bb5 g6 4. c3 a6 5. Bxc6 dxc6 6. Nxe5 Qg5 7. d4 Qxg2 8.
Qf3 Qxf3 9. Nxf3 Nf6 10. O-O Bg7 11. Re1 Bg4 12. Ne5 Be6 13. Nd3 O-O-O 14. Nc5
Bg4 15. Bf4 Nh5 16. Be3 Kb8 17. Nd2 Bc8 18. Nc4 f5 19. Bg5 Rde8 20. exf5 gxf5
21. Kh1 b6 22. Nd3 Bb7 23. Kg1 Reg8 24. Kf1 Bxd4 25. cxd4 Rxg5 26. Nce5 Rhg8
27. Rac1 f4 28. Nf3 Ra5 29. Re7 Ng7 30. a3 Rb5 31. b4 a5 32. a4 Rd5 33. b5 c5
34. Nde5 Nf5 35. Rxh7 Nxd4 36. Nxd4 Rxd4 37. Re7 Rxa4 38. Nd7+ Kc8 39. Rd1 Bg2+
40. Ke1 Bf3 0-1

[Event "39. Vila de Benasque 2019"]
[Site "Benasque ESP"]
[Date "2019.07.05"]
[Round "2.1"]
[White "Rojano Alfonso, Carlos"]
[Black "Piorun, Kacper"]
[Result "0-1"]
[WhiteElo "2206"]
[BlackElo "2656"]
[PlyCount "86"]
[EventDate "2019.07.05"]
[EventType "swiss"]
[EventRounds "10"]
[EventCountry "ESP"]
[SourceTitle "Ajedrez en Madrid"]
[Source "lmi"]
[SourceDate "2019.07.05"]
[SourceVersion "1"]
[SourceVersionDate "2019.07.14"]
[SourceQuality "1"]

1. b3 g6 2. Bb2 Nf6 3. f4 Bg7 4. Nf3 d5 5. e3 O-O 6. Be2 c5 7. O-O Nc6 8. d3
Ng4 9. Bxg7 Kxg7 10. Qd2 d4 11. e4 Ne3 12. Re1 Qc7 13. g3 e5 14. fxe5 Nxe5 15.
c3 Nxf3+ 16. Bxf3 Be6 17. cxd4 cxd4 18. Na3 Rac8 19. Qb2 Qc3 20. Qxc3 Rxc3 21.
e5 Rfc8 22. Bxb7 R8c5 23. Re2 Bg4 24. Ree1 Rxd3 25. Rac1 Rxe5 26. Nb1 Ra5 27.
Be4 Rd1 28. a4 Rxe1+ 29. Rxe1 Bd1 30. Nd2 Rc5 31. Bf3 Rc2 32. Bxd1 Rxd2 33. Bf3
Rb2 34. a5 Rxb3 35. a6 Ra3 36. Bb7 d3 37. Rxe3 d2 38. Rxa3 d1=Q+ 39. Kg2 Qd2+
40. Kh3 h5 41. Rb3 f5 42. Rb5 g5 43. Rd5 Qf2 0-1

[Event "39. Vila de Benasque 2019"]
[Site "Benasque ESP"]
[Date "2019.07.05"]
[Round "2.2"]
[White "Hovhannisyan, Robert"]
[Black "Jimenez Lopez, Antonio"]
[Result "1-0"]
[WhiteElo "2640"]
[BlackElo "2206"]
[PlyCount "85"]
[EventDate "2019.07.05"]
[EventType "swiss"]
[EventRounds "10"]
[EventCountry "ESP"]
[SourceTitle "Ajedrez en Madrid"]
[Source "lmi"]
[SourceDate "2019.07.05"]
[SourceVersion "1"]
[SourceVersionDate "2019.07.14"]
[SourceQuality "1"]

1. e4 c5 2. Nf3 e6 3. d4 cxd4 4. Nxd4 Nf6 5. Nc3 Nc6 6. Ndb5 Bb4 7. a3 Bxc3+ 8.
Nxc3 d5 9. Bd3 dxe4 10. Nxe4 Nxe4 11. Bxe4 Qxd1+ 12. Kxd1 e5 13. Be3 Be6 14.
Bxc6+ bxc6 15. Kc1 Kd7 16. Re1 Bd5 17. f3 f6 18. b3 Kc7 19. f4 e4 20. f5 Rhe8
21. Kb2 a5 22. a4 g6 23. Rf1 Rg8 24. fxg6 Rxg6 25. g3 Be6 26. Rf4 f5 27. Rh4
Bg8 28. Rf1 Rf8 29. Rxe4 Re6 30. Rxe6 Bxe6 31. Re1 Bd5 32. Bd2 Kd7 33. Rf1 Re8
34. Rf2 Be4 35. Bxa5 c5 36. Rf4 h5 37. Rh4 Bf3 38. Rc4 Kd6 39. Bb6 Re2 40.
Bxc5+ Kd5 41. Rc3 Be4 42. h4 Rh2 43. Be3 1-0

[Event "39. Vila de Benasque 2019"]
[Site "Benasque ESP"]
[Date "2019.07.06"]
[Round "3.2"]
[White "Palacios Lozoya, Jose Vicente"]
[Black "Hovhannisyan, Robert"]
[Result "1/2-1/2"]
[WhiteElo "2372"]
[BlackElo "2640"]
[PlyCount "176"]
[EventDate "2019.07.05"]
[EventType "swiss"]
[EventRounds "10"]
[EventCountry "ESP"]
[SourceTitle "Ajedrez en Madrid"]
[Source "lmi"]
[SourceDate "2019.07.05"]
[SourceVersion "1"]
[SourceVersionDate "2019.07.14"]
[SourceQuality "1"]

1. e4 c5 2. Nf3 Nc6 3. d4 cxd4 4. Nxd4 g6 5. c4 Nf6 6. Nc3 d6 7. Be2 Nxd4 8.
Qxd4 Bg7 9. O-O O-O 10. Qd3 Nd7 11. Be3 Nc5 12. Qc2 Bxc3 13. Qxc3 Nxe4 14. Qd4
Nf6 15. Rfd1 b6 16. Bg5 Be6 17. Bxf6 exf6 18. Qxd6 Kg7 19. b3 Qxd6 20. Rxd6
Rad8 21. Rad1 Rxd6 22. Rxd6 g5 23. f4 gxf4 24. Rd4 Kg6 25. Rxf4 Rd8 26. Rf2 Rd4
27. Kf1 h5 28. h3 Kg5 29. Ke1 h4 30. Bf3 Kf4 31. Bb7+ Ke5 32. Ke2 f5 33. Ke1 a5
34. Ke2 f4 35. Ke1 Bf5 36. Re2+ Kd6 37. Kf2 Bg6 38. Bd5 Kc5 39. Re7 Rd2+ 40.
Kf3 Rxa2 41. Rc7+ Kd4 42. Rb7 Ra3 43. Rxb6 a4 44. Ra6 Rxb3+ 45. Kxf4 a3 46. Kg5
Bd3 47. Bxf7 Kc3 48. Ra4 Kb2 49. c5 Rb7 50. Be6 Re7 51. Kf6 Rc7 52. Rxh4 Rxc5
53. Rb4+ Kc2 54. Ra4 Kb2 55. g4 Rc6 56. Ke5 Bc2 57. Rb4+ Kc3 58. Rb8 Ra6 59.
Rc8+ Kd2 60. Ba2 Rh6 61. g5 Rxh3 62. Kf6 Rf3+ 63. Ke7 Be4 64. Rc4 Bh7 65. Rc6
Rg3 66. Rh6 Bc2 67. Kf6 Kc1 68. Bf7 Rf3+ 69. Ke7 Rg3 70. Ra6 Kb2 71. Rb6+ Kc1
72. Ra6 Rxg5 73. Rxa3 Kd2 74. Bc4 Rc5 75. Ba6 Rh5 76. Bc4 Rh6 77. Rf3 Be4 78.
Ra3 Rc6 79. Bb5 Rc5 80. Ba6 Rc7+ 81. Kd6 Ra7 82. Kc5 Bc2 83. Kb6 Rg7 84. Bc4
Rg5 85. Bb5 Kc1 86. Bc4 Kb2 87. Re3 Rh5 88. Rg3 Re5 1/2-1/2

[Event "39. Vila de Benasque 2019"]
[Site "Benasque ESP"]
[Date "2019.07.07"]
[Round "4.1"]
[White "Raja, Harshit"]
[Black "Piorun, Kacper"]
[Result "1/2-1/2"]
[WhiteElo "2434"]
[BlackElo "2656"]
[PlyCount "52"]
[EventDate "2019.07.05"]
[EventType "swiss"]
[EventRounds "10"]
[EventCountry "ESP"]
[SourceTitle "Ajedrez en Madrid"]
[Source "lmi"]
[SourceDate "2019.07.05"]
[SourceVersion "1"]
[SourceVersionDate "2019.07.14"]
[SourceQuality "1"]

1. e4 g6 2. d4 Bg7 3. Nc3 c6 4. Nf3 d6 5. a4 Bg4 6. Be2 Nf6 7. O-O O-O 8. Ng5
Bxe2 9. Qxe2 e5 10. dxe5 dxe5 11. Rd1 Qa5 12. Nf3 Na6 13. Bd2 Qc5 14. Be3 Qe7
15. Qc4 Rfe8 16. Rd2 h6 17. Rad1 Qb4 18. Qxb4 Nxb4 19. Ne1 Ng4 20. Bc5 Bf8 21.
Bxf8 Kxf8 22. Nd3 Nxd3 23. Rxd3 Nf6 24. f3 Ke7 25. Kf2 Red8 26. Rxd8 Rxd8
1/2-1/2

[Event "39. Vila de Benasque 2019"]
[Site "Benasque ESP"]
[Date "2019.07.07"]
[Round "4.2"]
[White "Ter-Sahakyan, Samvel"]
[Black "Enchev, Ivajlo"]
[Result "1/2-1/2"]
[WhiteElo "2625"]
[BlackElo "2487"]
[PlyCount "85"]
[EventDate "2019.07.05"]
[EventType "swiss"]
[EventRounds "10"]
[EventCountry "ESP"]
[SourceTitle "Ajedrez en Madrid"]
[Source "lmi"]
[SourceDate "2019.07.05"]
[SourceVersion "1"]
[SourceVersionDate "2019.07.14"]
[SourceQuality "1"]

1. e4 e5 2. Nf3 Nc6 3. Bb5 a6 4. Ba4 Nf6 5. O-O Be7 6. Re1 b5 7. Bb3 d6 8. c3
O-O 9. h3 Bb7 10. d4 Re8 11. Nbd2 Bf8 12. Bc2 h6 13. d5 Ne7 14. b3 c6 15. c4
cxd5 16. cxd5 Nd7 17. Nf1 f5 18. exf5 Nxd5 19. Bd2 Rc8 20. Ng3 N7f6 21. Nh2 Nc3
22. Bxc3 Rxc3 23. Ne4 Bxe4 24. Bxe4 d5 25. Bf3 e4 26. Bh5 Re5 27. Bg6 Bc5 28.
Ng4 Nxg4 29. Qxg4 Qf6 30. Rad1 Rc2 31. Kh1 Bxf2 32. Rc1 Rc6 33. Rxc6 Qxc6 34.
Qf4 Bxe1 35. Qxe5 Bb4 36. Be8 Qd6 37. Qxd6 Bxd6 38. Bc6 e3 39. Bxd5+ Kf8 40.
Bf3 Ke7 41. Kg1 Kf6 42. Kf1 Kxf5 43. a4 1/2-1/2

[Event "39. Vila de Benasque 2019"]
[Site "Benasque ESP"]
[Date "2019.07.08"]
[Round "5.3"]
[White "Piorun, Kacper"]
[Black "Castellanos Rodriguez, Renier"]
[Result "1-0"]
[WhiteElo "2656"]
[BlackElo "2503"]
[PlyCount "81"]
[EventDate "2019.07.05"]
[EventType "swiss"]
[EventRounds "10"]
[EventCountry "ESP"]
[SourceTitle "Ajedrez en Madrid"]
[Source "lmi"]
[SourceDate "2019.07.05"]
[SourceVersion "1"]
[SourceVersionDate "2019.07.14"]
[SourceQuality "1"]

1. e4 c5 2. Nf3 d6 3. d4 cxd4 4. Nxd4 Nf6 5. Nc3 a6 6. Be2 e6 7. f4 Be7 8. Be3
Nc6 9. Qd2 O-O 10. O-O-O Nd7 11. g4 Nxd4 12. Qxd4 b5 13. g5 Qa5 14. a3 Rb8 15.
Bd2 Qb6 16. Qxb6 Rxb6 17. f5 Rc6 18. Rhf1 Re8 19. h4 Ne5 20. h5 Nc4 21. Bxc4
Rxc4 22. f6 Bf8 23. Rf2 Rc7 24. Bf4 e5 25. fxg7 Bxg7 26. Be3 Re6 27. h6 Bf8 28.
Nd5 Rb7 29. Nf6+ Kh8 30. Rd3 Rc7 31. Nd5 Rb7 32. Nf6 Rc7 33. Nd5 Rb7 34. Rc3
Re8 35. Nc7 Rd8 36. Rxf7 d5 37. exd5 b4 38. axb4 Bxb4 39. Rc6 Bg4 40. d6 Bh5
41. Rf6 1-0

[Event "39. Vila de Benasque 2019"]
[Site "Benasque ESP"]
[Date "2019.07.08"]
[Round "5.4"]
[White "Jansa, Vlastimil"]
[Black "Hovhannisyan, Robert"]
[Result "1/2-1/2"]
[WhiteElo "2457"]
[BlackElo "2640"]
[PlyCount "75"]
[EventDate "2019.07.05"]
[EventType "swiss"]
[EventRounds "10"]
[EventCountry "ESP"]
[SourceTitle "Ajedrez en Madrid"]
[Source "lmi"]
[SourceDate "2019.07.05"]
[SourceVersion "1"]
[SourceVersionDate "2019.07.14"]
[SourceQuality "1"]

1. e4 e5 2. Nf3 Nc6 3. Bb5 Nf6 4. O-O Nxe4 5. Re1 Nd6 6. Nxe5 Be7 7. Bf1 Nf5 8.
Nf3 O-O 9. d4 d5 10. c3 Bd6 11. Bd3 Re8 12. Rxe8+ Qxe8 13. Nbd2 Bd7 14. Nf1 f6
15. Qb3 Nce7 16. a4 b6 17. Ng3 Nxg3 18. hxg3 a5 19. Bf4 Bxf4 20. gxf4 Qf7 21.
Re1 Re8 22. Bb5 Bxb5 23. Qxb5 Rd8 24. b4 axb4 25. cxb4 Ng6 26. g3 Qd7 27. Qxd7
Rxd7 28. a5 Ne7 29. axb6 cxb6 30. Re6 Rb7 31. Kg2 Kf7 32. Rd6 h5 33. b5 Nf5 34.
Rxd5 Ke6 35. Rd8 Nd6 36. Nd2 Nxb5 37. Nc4 Ke7 38. Rd5 1/2-1/2

[Event "39. Vila de Benasque 2019"]
[Site "Benasque ESP"]
[Date "2019.07.09"]
[Round "6.2"]
[White "Marin, Mihail"]
[Black "Piorun, Kacper"]
[Result "1/2-1/2"]
[WhiteElo "2525"]
[BlackElo "2656"]
[PlyCount "40"]
[EventDate "2019.07.05"]
[EventType "swiss"]
[EventRounds "10"]
[EventCountry "ESP"]
[SourceTitle "Ajedrez en Madrid"]
[Source "lmi"]
[SourceDate "2019.07.05"]
[SourceVersion "1"]
[SourceVersionDate "2019.07.14"]
[SourceQuality "1"]

1. f4 d5 2. Nf3 Bg4 3. e3 Nd7 4. Be2 Ngf6 5. O-O e6 6. d3 c6 7. Qe1 Qc7 8. Nc3
Bd6 9. Bd2 h6 10. Nd4 Bxe2 11. Ncxe2 a6 12. b4 g5 13. a4 Rg8 14. Kh1 Qd8 15.
Nc1 Qe7 16. Ncb3 c5 17. bxc5 Nxc5 18. a5 Ncd7 19. Rc1 Rc8 20. Qe2 Rc7 1/2-1/2

[Event "39. Vila de Benasque 2019"]
[Site "Benasque ESP"]
[Date "2019.07.09"]
[Round "6.9"]
[White "Banusz, Tamas"]
[Black "Valmaña Canto, Jaime"]
[Result "1-0"]
[WhiteElo "2626"]
[BlackElo "2401"]
[PlyCount "91"]
[EventDate "2019.07.05"]
[EventType "swiss"]
[EventRounds "10"]
[EventCountry "ESP"]
[SourceTitle "Ajedrez en Madrid"]
[Source "lmi"]
[SourceDate "2019.07.05"]
[SourceVersion "1"]
[SourceVersionDate "2019.07.14"]
[SourceQuality "1"]

1. Nf3 Nf6 2. g3 g6 3. Bg2 Bg7 4. d4 O-O 5. c4 d6 6. Nc3 Nc6 7. O-O a6 8. e3
Rb8 9. Qe2 b5 10. b3 bxc4 11. bxc4 Na5 12. Ba3 Be6 13. d5 Bg4 14. Rab1 Nd7 15.
Rxb8 Qxb8 16. Rb1 Nb6 17. c5 Nac4 18. cxb6 Nxa3 19. Rb3 Bxc3 20. Qxa6 Bf6 21.
b7 Nc2 22. Nd2 Na1 23. Rb1 Bc3 24. Nc4 Bc8 25. Na3 Bxb7 26. Rxb7 Qa8 27. Ra7
Qb8 28. Nb5 Bf6 29. Rxc7 Qa8 30. Qxa8 Rxa8 31. Na7 Nc2 32. a4 Nb4 33. a5 Kg7
34. Rb7 Na6 35. Nc6 Bc3 36. Rb3 Bd2 37. Kf1 Nc5 38. Ra3 Na6 39. Ke2 Bb4 40. Rb3
Bc5 41. Nxe7 Kf8 42. Nc6 Nc7 43. Rb7 Ne8 44. Kd3 Nf6 45. h3 Ke8 46. Kc4 1-0

[Event "39. Vila de Benasque 2019"]
[Site "Benasque ESP"]
[Date "2019.07.10"]
[Round "7.1"]
[White "Lopez Mulet, Iñigo"]
[Black "Indjic, Aleksandar"]
[Result "1/2-1/2"]
[WhiteElo "2378"]
[BlackElo "2604"]
[PlyCount "169"]
[EventDate "2019.07.05"]
[EventType "swiss"]
[EventRounds "10"]
[EventCountry "ESP"]
[SourceTitle "Ajedrez en Madrid"]
[Source "lmi"]
[SourceDate "2019.07.05"]
[SourceVersion "1"]
[SourceVersionDate "2019.07.14"]
[SourceQuality "1"]

1. d4 Nf6 2. c4 e6 3. g3 c5 4. d5 exd5 5. cxd5 d6 6. Nc3 g6 7. Bg2 Bg7 8. Nf3
O-O 9. O-O Re8 10. Re1 a6 11. a4 Nbd7 12. e4 Ng4 13. Nh4 Nge5 14. f4 Nc4 15.
Nf3 Rb8 16. Qc2 Na5 17. e5 dxe5 18. d6 Nc6 19. Nd5 Re6 20. fxe5 Ndxe5 21. Nxe5
Rxe5 22. Bf4 Bf5 23. Qd2 Qxd6 24. Bxe5 Bxe5 25. Qg5 Bxb2 26. Rad1 Kg7 27. Kh1
Bd4 28. Nf4 f6 29. Nh5+ Kf7 30. Qf4 Rd8 31. Qf1 Bg4 32. Nf4 Bxd1 33. Qc4+ Kg7
34. Ne6+ Kh8 35. Nxd8 Qxd8 36. Rxd1 Qe7 37. Qd5 f5 38. Rb1 Kg7 39. Qf3 h5 40.
Qf4 Nb4 41. Qd2 a5 42. Re1 Qd7 43. Qe2 Kf6 44. Qc4 Kg7 45. Qe2 b6 46. Bf3 Nd5
47. Qe6 Qxe6 48. Rxe6 Ne3 49. Rxb6 c4 50. Rd6 Bc5 51. Rc6 Bb4 52. Be2 c3 53.
Kg1 Nc2 54. Bd3 Ne1 55. Bb1 Nf3+ 56. Kg2 Ne5 57. Re6 Nc4 58. Rc6 Ne3+ 59. Kf2
Ng4+ 60. Kg2 Ne5 61. Re6 Nc4 62. Rc6 Nd6 63. Kf3 g5 64. h4 g4+ 65. Kf4 Kf6 66.
Bc2 Ba3 67. Ke3 Bb4 68. Kf4 Ba3 69. Ke3 Ke5 70. Rxc3 Bb4 71. Rb3 Nc4+ 72. Ke2
f4 73. gxf4+ Kxf4 74. Bg6 Be7 75. Bxh5 Bxh4 76. Bxg4 Kxg4 77. Kd3 Ne5+ 78. Kd4
Kf5 79. Kc5 Be1 80. Kb5 Ke4 81. Rb1 Bd2 82. Rb2 Bc3 83. Rb3 Bd2 84. Rb2 Bc3 85.
Rb3 1/2-1/2

[Event "39. Vila de Benasque 2019"]
[Site "Benasque ESP"]
[Date "2019.07.10"]
[Round "7.2"]
[White "Piorun, Kacper"]
[Black "Sosa, Tomas"]
[Result "1/2-1/2"]
[WhiteElo "2656"]
[BlackElo "2516"]
[PlyCount "63"]
[EventDate "2019.07.05"]
[EventType "swiss"]
[EventRounds "10"]
[EventCountry "ESP"]
[SourceTitle "Ajedrez en Madrid"]
[Source "lmi"]
[SourceDate "2019.07.05"]
[SourceVersion "1"]
[SourceVersionDate "2019.07.14"]
[SourceQuality "1"]

1. Nf3 Nf6 2. c4 e6 3. Nc3 d5 4. d4 Bb4 5. cxd5 exd5 6. Bf4 O-O 7. Rc1 c6 8. e3
Bf5 9. Be2 Re8 10. O-O Nbd7 11. Qb3 Qa5 12. a3 Bxc3 13. Qxc3 Qb6 14. Nd2 Ne4
15. Nxe4 Bxe4 16. b4 a6 17. a4 Nf8 18. Qc5 Qd8 19. Qd6 Qb6 20. Qc5 Qd8 21. Bg3
Ne6 22. Qc3 Bg6 23. Rfe1 h6 24. b5 cxb5 25. axb5 a5 26. Qa3 a4 27. Bf1 Qa5 28.
Red1 Rec8 29. Qa2 Rd8 30. Qa3 Rdc8 31. Qa2 Rd8 32. Qa3 1/2-1/2

[Event "39. Vila de Benasque 2019"]
[Site "Benasque ESP"]
[Date "2019.07.10"]
[Round "7.3"]
[White "Admiraal, Miguoel"]
[Black "Hovhannisyan, Robert"]
[Result "0-1"]
[WhiteElo "2504"]
[BlackElo "2640"]
[PlyCount "146"]
[EventDate "2019.07.05"]
[EventType "swiss"]
[EventRounds "10"]
[EventCountry "ESP"]
[SourceTitle "Ajedrez en Madrid"]
[Source "lmi"]
[SourceDate "2019.07.05"]
[SourceVersion "1"]
[SourceVersionDate "2019.07.14"]
[SourceQuality "1"]

1. e4 e5 2. Nf3 Nc6 3. Bb5 a6 4. Ba4 Nf6 5. O-O Be7 6. d3 b5 7. Bb3 O-O 8. a4
b4 9. Nbd2 Bc5 10. h3 d6 11. c3 Rb8 12. Nc4 bxc3 13. bxc3 Be6 14. Ba2 Ba7 15.
Ng5 Bd7 16. Be3 Bxe3 17. Nxe3 h6 18. Nf3 Be6 19. Bxe6 fxe6 20. Rb1 Qe8 21. Rxb8
Nxb8 22. Qc2 Nh5 23. Kh2 Nd7 24. d4 Qg6 25. Ng1 Ndf6 26. dxe5 dxe5 27. Nf3 Qxe4
28. Qxe4 Nxe4 29. c4 Rf4 30. Rb1 Nxf2 31. Rb8+ Kh7 32. Ra8 Re4 33. Ng4 Nxg4+
34. hxg4 Nf6 35. g5 Ng4+ 36. Kg3 Rxc4 37. Rxa6 h5 38. Rxe6 Rxa4 39. Nxe5 Nxe5
40. Rxe5 Rc4 41. Re6 Rg4+ 42. Kh3 c5 43. Re5 c4 44. Rc5 Kg6 45. g3 Rd4 46. Kg2
Rd2+ 47. Kh3 Rd4 48. Kg2 Rd2+ 49. Kh3 Rc2 50. g4 Rc1 51. gxh5+ Kxh5 52. Kg3 g6
53. Kf4 Rg1 54. Ke3 Rg4 55. Kf2 Kh4 56. Kf1 Re4 57. Kg2 Rf4 58. Kh2 Rg4 59. Kh1
Kh3 60. Rc6 Kg3 61. Kg1 Kh4+ 62. Kf2 Kxg5 63. Kf3 Rh4 64. Rc5+ Kh6 65. Kg3 Rd4
66. Kh3 g5 67. Rc8 Kh5 68. Rh8+ Kg6 69. Kg3 Kf5 70. Kf3 Rf4+ 71. Ke3 Kg4 72.
Rg8 Kh4 73. Rg7 c3 0-1

[Event "39. Vila de Benasque 2019"]
[Site "Benasque ESP"]
[Date "2019.07.10"]
[Round "7.4"]
[White "Pulvett Marin, Daniel Eduardo"]
[Black "Banusz, Tamas"]
[Result "1-0"]
[WhiteElo "2474"]
[BlackElo "2626"]
[PlyCount "85"]
[EventDate "2019.07.05"]
[EventType "swiss"]
[EventRounds "10"]
[EventCountry "ESP"]
[SourceTitle "Ajedrez en Madrid"]
[Source "lmi"]
[SourceDate "2019.07.05"]
[SourceVersion "1"]
[SourceVersionDate "2019.07.14"]
[SourceQuality "1"]

1. d4 Nf6 2. c4 e6 3. Nf3 Bb4+ 4. Nbd2 O-O 5. a3 Be7 6. e4 d6 7. Qc2 Nfd7 8.
Nb1 e5 9. Nc3 Nc6 10. Be3 exd4 11. Nxd4 Bg5 12. Bxg5 Qxg5 13. Ndb5 Qd8 14. Nd5
a6 15. Nbxc7 Ra7 16. b4 b6 17. b5 Nd4 18. Qc3 Ne6 19. Nxa6 Bxa6 20. bxa6 Nec5
21. Bd3 Nxd3+ 22. Qxd3 Nc5 23. Qe3 Nxe4 24. O-O Nc5 25. Nb4 Qc7 26. Rad1 Nxa6
27. Nd5 Qxc4 28. Rd4 Qc2 29. Nf6+ Kh8 30. Rh4 Nc5 31. Qd2 Qg6 32. Rxh7+ Qxh7
33. Nxh7 Kxh7 34. Qxd6 Rfa8 35. Qxb6 Ne6 36. f4 Rxa3 37. f5 Ng5 38. h4 Ne4 39.
Qb7 Nf6 40. Qxf7 Rg3 41. Rf4 Raa3 42. Rd4 Raf3 43. Qg6+ 1-0

[Event "39. Vila de Benasque 2019"]
[Site "Benasque ESP"]
[Date "2019.07.10"]
[Round "7.7"]
[White "Gascon Del Nogal, Jose Rafael"]
[Black "Bartel, Mateusz"]
[Result "0-1"]
[WhiteElo "2466"]
[BlackElo "2600"]
[PlyCount "68"]
[EventDate "2019.07.05"]
[EventType "swiss"]
[EventRounds "10"]
[EventCountry "ESP"]
[SourceTitle "Ajedrez en Madrid"]
[Source "lmi"]
[SourceDate "2019.07.05"]
[SourceVersion "1"]
[SourceVersionDate "2019.07.14"]
[SourceQuality "1"]

1. e4 e6 2. d4 d5 3. Nc3 Nf6 4. e5 Nfd7 5. f4 c5 6. Nf3 Nc6 7. Be3 cxd4 8. Nxd4
Bc5 9. Qd2 O-O 10. O-O-O a6 11. Nb3 Bb4 12. a3 Be7 13. g4 b5 14. g5 b4 15. axb4
Bxb4 16. Qf2 a5 17. Na4 Ba6 18. Bxa6 Rxa6 19. h4 Qb8 20. Qe2 Qb7 21. h5 Rc8 22.
g6 fxg6 23. hxg6 hxg6 24. Bc5 Ne7 25. Bxe7 Bxe7 26. Rh3 Rc4 27. f5 Re4 28. Qh2
exf5 29. Rh8+ Kf7 30. Qh7 Ra8 31. Rg1 Nxe5 32. Nac5 Rxh8 33. Qxh8 Qb6 34. Qc8
Rc4 0-1

[Event "39. Vila de Benasque 2019"]
[Site "Benasque ESP"]
[Date "2019.07.11"]
[Round "8.1"]
[White "Indjic, Aleksandar"]
[Black "Martinez Alcantara, Jose Eduardo"]
[Result "1-0"]
[WhiteElo "2604"]
[BlackElo "2601"]
[PlyCount "55"]
[EventDate "2019.07.05"]
[EventType "swiss"]
[EventRounds "10"]
[EventCountry "ESP"]
[SourceTitle "Ajedrez en Madrid"]
[Source "lmi"]
[SourceDate "2019.07.05"]
[SourceVersion "1"]
[SourceVersionDate "2019.07.14"]
[SourceQuality "1"]

1. Nf3 c5 2. c4 Nc6 3. d4 cxd4 4. Nxd4 Nf6 5. Nc3 e6 6. g3 Qb6 7. Ndb5 Ne5 8.
Bf4 Nfg4 9. e3 Qc6 10. h3 Nf3+ 11. Ke2 Nge5 12. b3 g5 13. Bg2 gxf4 14. exf4 a6
15. fxe5 axb5 16. Nxb5 Qc5 17. Bxf3 Qxe5+ 18. Kf1 d5 19. Kg2 dxc4 20. a4 Bb4
21. Rc1 Bd7 22. Rxc4 Bxb5 23. Rxb4 Bc6 24. Bxc6+ bxc6 25. Qc2 Qd5+ 26. Kh2
O-O-O 27. Rd1 Qf3 28. Rf4 1-0

[Event "39. Vila de Benasque 2019"]
[Site "Benasque ESP"]
[Date "2019.07.11"]
[Round "8.3"]
[White "Kharitonov, Alexandr"]
[Black "Deac, Bogdan-Daniel"]
[Result "1-0"]
[WhiteElo "2540"]
[BlackElo "2621"]
[PlyCount "171"]
[EventDate "2019.07.05"]
[EventType "swiss"]
[EventRounds "10"]
[EventCountry "ESP"]
[SourceTitle "Ajedrez en Madrid"]
[Source "lmi"]
[SourceDate "2019.07.05"]
[SourceVersion "1"]
[SourceVersionDate "2019.07.14"]
[SourceQuality "1"]

1. d4 Nf6 2. c4 g6 3. g3 Bg7 4. Bg2 O-O 5. Nc3 Nc6 6. Nf3 d5 7. cxd5 Nxd5 8.
O-O e5 9. Bg5 f6 10. Bc1 Nxc3 11. bxc3 e4 12. Nd2 f5 13. e3 Be6 14. Ba3 Re8 15.
c4 Na5 16. Qc2 b6 17. Rab1 Rc8 18. Rfd1 Qd7 19. Bf1 Bf7 20. c5 Bd5 21. Nc4 Nc6
22. Ne5 Nxe5 23. dxe5 c6 24. cxb6 axb6 25. Rxb6 Bxe5 26. Bb2 Bxb2 27. Qxb2 Qg7
28. Qc2 Qc7 29. Rb2 Qf7 30. a4 Ra8 31. Rdb1 Qe6 32. Rb7 g5 33. a5 f4 34. Qc3
Qe5 35. Qxe5 Rxe5 36. a6 Ree8 37. a7 c5 38. Rc7 fxe3 39. fxe3 c4 40. Rb5 Be6
41. Rxg5+ Kf8 42. Re5 c3 43. Rxc3 Rxa7 44. Rxe4 Ra1 45. Rf4+ Kg8 46. g4 Ra2 47.
h3 Rd8 48. Rf2 Ra1 49. Kh2 Re1 50. Bg2 Re8 51. Bf3 Rd8 52. Kg2 Bf7 53. Be4 Rd7
54. Bf5 Bd5+ 55. Kg3 Re7 56. Kf4 Kg7 57. h4 h6 58. Rd3 Bc4 59. Rd4 Bf7 60. e4
Rh1 61. h5 Re1 62. Rd6 Rg1 63. Rd7 Rxd7 64. Bxd7 Kf6 65. e5+ Ke7 66. Bf5 Re1
67. Rc2 Rf1+ 68. Kg3 Bxh5 69. Rh2 Rg1+ 70. Kf4 Rf1+ 71. Ke3 Re1+ 72. Kd4 Rd1+
73. Kc3 Bf7 74. Rxh6 Rd5 75. e6 Be8 76. Kc4 Rd1 77. Kc5 Rd2 78. g5 Rf2 79. Rh7+
Kf8 80. Be4 Re2 81. Kd6 Ba4 82. Bd5 Kg8 83. Ra7 Bb5 84. e7+ Kh8 85. Rb7 Ba4 86.
Rb4 1-0